| 000 | 01448 a2200277 4500 | ||
|---|---|---|---|
| 003 | Nust | ||
| 005 | 20220726145310.0 | ||
| 010 | _a 2004042113 | ||
| 020 | _a1402079869 (alk. paper) | ||
| 020 | _a1402079877 (e-book) | ||
| 040 | _cNust | ||
| 082 | 0 | 0 | _a005.82 |
| 100 |
_aChen, Kefei, _995253 |
||
| 245 | 0 | 0 |
_aProgress on cryptography : _b25 years of cryptography in China / _cedited by Kefei Chen. |
| 260 |
_aBoston : _bKluwer Academic Publishers, _cc2004. |
||
| 300 |
_axiv, 246 p. : _bill. ; _c25 cm. |
||
| 440 | 0 |
_aKluwer international series in engineering and computer science ; _vSECS 769 _982222 |
|
| 505 | _aRandomness And Discrepancy Transforms (Page-1), Legendre Sequences And Modified Jacobs Sequences (Page-9), Resilient Functions With Good Cryptographic Properties (Page-17), Differential Factoring For Integers (Page-25), Simple And Efficient Systematic A-Codes From Error Correcting Codes (Page-33), On Coefficients Of Binary Expression Of Integer Sums (Page-45), . A New Publicly Verifiable Proxy Signcryption Scheme (Page-53). | ||
| 650 | 0 |
_aComputer security _zChina _xHistory _995254 |
|
| 650 | 0 |
_aCryptography _zChina _xHistory _995255 |
|
| 700 | 1 |
_aChen, Kefei, _d1959- _995256 |
|
| 700 | 1 |
_aXiao, G. _d1934- _995257 |
|
| 856 | 4 | 1 |
_3Publisher description _uhttp://www.loc.gov/catdir/enhancements/fy0820/2004042113-d.html |
| 856 | 4 | 1 |
_3Table of contents _uhttp://www.loc.gov/catdir/toc/fy046/2004042113.html |
| 942 |
_cREF _2ddc |
||
| 999 |
_c188710 _d188710 |
||